Sports Quiz

Random Sports Quiz

Raiders Season Rushing Leaders Quiz Stats

 Plays Quiz not verified by Sporcle

Challenge
Share
Tweet
Embed
Score 0/51 Timer 10:00
0 Plays Today
Year Player % Correct
1982Marcus Allen
97.1%
1983Marcus Allen
97.1%
1984Marcus Allen
97.1%
1985Marcus Allen
97.1%
1986Marcus Allen
97.1%
1987Marcus Allen
97.1%
1988Marcus Allen
97.1%
2010Darren McFadden
90.9%
1989Bo Jackson
81.9%
1990 Bo Jackson
81.9%
2006Justin Fargas
71.6%
2007Justin Fargas
71.6%
2008Justin Fargas
71.6%
2001Charlie Garner
68.8%
2002Charlie Garner
68.8%
1996Napoleon Kaufman
65.3%
1997Napoleon Kaufman
65.3%
1998Napoleon Kaufman
65.3%
2009Michael Bush
65.3%
1999Tyrone Wheatley
63.9%
2000Tyrone Wheatley
63.9%
2003Tyrone Wheatley
63.9%
1976Mark Van Eeghen
53.3%
1977Mark Van Eeghen
53.3%
1978Mark Van Eeghen
53.3%
1979Mark Van Eeghen
53.3%
Year Player % Correct
1980Mark Van Eeghen
53.3%
2005LaMont Jordan
50.7%
1969Charlie Smith
41.5%
1994Harvey Williams
39.3%
1995Harvey Williams
39.3%
1971Marv Hubbard
30.9%
1972Marv Hubbard
30.9%
1973Marv Hubbard
30.9%
1974Marv Hubbard
30.9%
1981 Kenny King
30.7%
1975Pete Banaszak
28.1%
1992Eric Dickerson
27.5%
1962Clem Daniels
23.5%
1963Clem Daniels
23.5%
1964Clem Daniels
23.5%
1965Clem Daniels
23.5%
1966Clem Daniels
23.5%
1967Clem Daniels
23.5%
1991Roger Craig
22.6%
1968Hewritt Dixon
17.8%
1970Hewritt Dixon
17.8%
2004Amos Zereoue
8.3%
1993Greg Robinson
8%
1960Tony Teresa
3.7%
1961Wayne Crow
3.2%

You're not logged in!

Compare scores with friends on all Sporcle quizzes.
Join for Free
OR
Log In

You Might Also Like...

Show Comments

Extras

Top Quizzes Today


Score Distribution

Your Account Isn't Verified!

In order to create a playlist on Sporcle, you need to verify the email address you used during registration. Go to your Sporcle Settings to finish the process.

Report this User

Report this user for behavior that violates our Community Guidelines.

Details: